Dôsledky rozširovania EÚ

Zmeny v oblasti ekonomických podmienok regiónu. Podnikateľské stratégie. Colné hranice. Nevyhnutná transportná dokumentácia. Zmeny v oblasti exportu, elektronického spracovania dát, daňového práva. Prispôsobenie sa v oblasti zaobstarávania. Právne účinky rozšírenia EÚ.

Enregistré dans:
Détails bibliographiques
Auteur principal: Kulík, Martin
Format: Chapitre de livre
Langue:slovaque
Sujets:
Tags: Ajouter un tag
Pas de tags, Soyez le premier à ajouter un tag!

MARC

LEADER 00000naa$a2200000$$$4500
001 0007962
005 20230825102836.8
041 0 |a slo 
044 |a SK 
245 1 0 |a Dôsledky rozširovania EÚ  |c aut. Martin Kulík 
520 |a Zmeny v oblasti ekonomických podmienok regiónu. Podnikateľské stratégie. Colné hranice. Nevyhnutná transportná dokumentácia. Zmeny v oblasti exportu, elektronického spracovania dát, daňového práva. Prispôsobenie sa v oblasti zaobstarávania. Právne účinky rozšírenia EÚ. 
610 2 0 |a Európska únia 
610 2 0 |a Slovensko 
610 2 0 |a colníctvo 
610 2 0 |a právo 
610 2 0 |a vývoz 
100 1 |a Kulík, Martin